000 00725cam a2200205Ia 4500
020 _a9832181089 (v.1)
020 _a9832181097 (v.2)
040 _cAGF
082 _a675 MAL 2000 C142 Or.
245 1 0 _aForests and society :
_bthe role of research : XXI IUFRO World Congress, 7-12 August 2000, Kuala Lumpur, Malaysia /
260 _a[S.l.] :
_bMalaysian XXI IUFRO World Congress Organising Committee,
_c2000
300 _a3 v. :
_bill. ;
_c26 cm
650 0 _aForest conservation
650 0 _aForest management
650 0 _aForests and forestry
650 0 _aConservation of natural resources
700 1 _aKrishnapillay, Baskaran
710 2 _aInternational Union of Forestry Research Organizations
942 _cEK
999 _c18309
_d18309